000 00711nam a22001817a 4500
003 UA-OsUOA
001 16176
007 ta
008 20031222b un ||||| |||| 00| 0 ukr d
100 _aКохан В.
942 _cSA
040 _aUA-OsUOA
_cUA-OsUOA
_dUA-OsUOA
245 _aКредо отця Дмитра
_b[Про настоятеля Свято-Дмитрівскої церкви с.Ситне Радивилів. р-ну отця Дмитра Ліщука . якого обрано депутатом район. ради]
300 _aС.2
955 _a0
773 0 _w0
_tВісті Рівненщини
_dРівне
_d2003
_g№103/10 груд./
650 7 _aКраєзнавча робота
_2UDC
999 _c302341
_d302341